00546nam a2200169 i 450000100060000000300090000600500170001500700030003200800410003510000210007624501410009725000150023826000330025330000370028670000210032385200320034485282ES-MaACL20230906175220.0t|041126s1968 sp ||||1| spa d1 aJordan, Henry H.10aPrótesis ortopédicas b: principios y práctica para la construcción de sujeciones / cpor Henry H. Jordan ; versión A. Jornet. a[1ª ed.]. aBarcelona : bJims, c[1968] aXII, 297 p., 2 lám. ; c22 cm.1 aJornet Cases, A. aES-MaACLjC-35541 bR.68493